The noble scholar, jurist, historian


 His Excellency Dr. Abdul Wahhab bin Ibrahim Abu Sulaiman, may Allah have mercy on him.


 He was born in Umm Al-Qura in the year 1356 AH.

دراسة مقارنة في الحضانة بين الشريعة والقانون في البلاد العربية / (Record no. 4972)

MARC details
000 -LEADER
fixed length control field 01255cam a2200289 i 4500
003 - CONTROL NUMBER IDENTIFIER
control field SA-RiAUC
005 - DATE AND TIME OF LATEST TRANSACTION
control field 20250119125125.0
008 - FIXED-LENGTH DATA ELEMENTS--GENERAL INFORMATION
fixed length control field 250117s1997 mm g b 00000 ara c
040 ## - CATALOGING SOURCE
Original cataloging agency SA-JeALM
Language of cataloging ara
Transcribing agency SA-RiAUC
Description conventions rda
043 ## - GEOGRAPHIC AREA CODE
Geographic area code ma-----
050 #4 - LIBRARY OF CONGRESS CALL NUMBER
Item number .G45 1997
082 04 - DEWEY DECIMAL CLASSIFICATION NUMBER
Classification number 346.151
Assigning agency SA-RiAUC
090 ## - LOCALLY ASSIGNED LC-TYPE CALL NUMBER (OCLC); LOCAL CALL NUMBER (RLIN)
Classification number (OCLC) (R) ; Classification number, CALL (RLIN) (NR) 346.151
Local cutter number (OCLC) ; Book number/undivided call number, CALL (RLIN) ف ر ي
100 1# - MAIN ENTRY--PERSONAL NAME
Personal name الفرياني، عز الدين محمد
Relator term مؤلف.
245 10 - TITLE STATEMENT
Title دراسة مقارنة في الحضانة بين الشريعة والقانون في البلاد العربية /
Statement of responsibility, etc. تأليف عز الدين محمد الفرياني.
264 #1 - PRODUCTION, PUBLICATION, DISTRIBUTION, MANUFACTURE, AND COPYRIGHT NOTICE
Place of production, publication, distribution, manufacture فاليتا :
Name of producer, publisher, distributor, manufacturer ألجا،
Date of production, publication, distribution, manufacture, or copyright notice 1997
300 ## - PHYSICAL DESCRIPTION
Extent 240 صفحة ؛
Dimensions 24 سم
336 ## - CONTENT TYPE
Content type term نص
Content type code txt
Source rdacontent
Materials specified كتاب
337 ## - MEDIA TYPE
Media type term بدون وسيط
Media type code n
Source rdamedia
338 ## - CARRIER TYPE
Carrier type term مجلد
Carrier type code nc
Source rdacarrier
500 ## - GENERAL NOTE
General note اهداء من المؤلف عز الدين محمد الفرياني.
504 ## - BIBLIOGRAPHY, ETC. NOTE
Bibliography, etc. note يشتمل على إرجاعات ببليوجرافية.
650 #7 - SUBJECT ADDED ENTRY--TOPICAL TERM
Topical term or geographic name entry element الأحوال الشخصية للمسلمين
General subdivision قوانين وتشريعات
Geographic subdivision البلاد العربية
Source of heading or term aucsh
650 #7 - SUBJECT ADDED ENTRY--TOPICAL TERM
Topical term or geographic name entry element الحضانة (فقه إسلامي)
Source of heading or term aucsh
942 ## - ADDED ENTRY ELEMENTS (KOHA)
Source of classification or shelving scheme Dewey Decimal Classification
Koha item type Books
Suppress in OPAC No
949 ## - LOCAL PROCESSING INFORMATION (OCLC)
a SA-JeALM
d 250117
u mohamedma123
n 1
Holdings
Withdrawn status Lost status Source of classification or shelving scheme Damaged status Not for loan Collection Home library Current library Date acquired Total checkouts Full call number Barcode Date last seen Price effective from Koha item type
    Dewey Decimal Classification     ملاحظات DR AbdElwahab Library DR AbdElwahab Library 01/19/2025   346.151 ف ر ي 000007884 01/19/2025 01/19/2025 Books
    Dewey Decimal Classification     اهداء DR AbdElwahab Library DR AbdElwahab Library 09/24/2025   346.151 ف ر ي 000019450 09/24/2025 09/24/2025 Books